An enquiry concerning human understanding and other writings /
| Hlavní autor: | |
|---|---|
| Další autoři: | |
| Médium: | Kniha |
| Jazyk: | English |
| Vydáno: |
Cambridge ; New York :
Cambridge University Press,
2007 [5th printing 2013]
|
| Edice: | Cambridge texts in the history of philosophy
|
| Témata: | |
| On-line přístup: | Table of contents only Contributor biographical information Publisher description |
| Classic Catalogue: | View this record in Classic Catalogue |
| LEADER | 01724nam a2200421 a 4500 | ||
|---|---|---|---|
| 001 | 30306 | ||
| 003 | BD-DhAAL | ||
| 005 | 20151116115038.0 | ||
| 008 | 151116r20132007enk b 001 0 eng d | ||
| 010 | |a 2007296813 | ||
| 015 | |a GBA681915 |2 bnb | ||
| 016 | 7 | |a 013562811 |2 Uk | |
| 020 | |a 0521843405 (hbk.) | ||
| 020 | |a 9780521843409 (hbk.) | ||
| 020 | |a 0521604036 (pbk.) | ||
| 020 | |a 9780521604031 (pbk.) | ||
| 035 | |a (OCoLC)ocm71808128 | ||
| 035 | |a (OCoLC)71808128 | ||
| 040 | |a UKM |c UKM |d BAKER |d YDXCP |d C#P |d DLC |d BD-DhAAL | ||
| 042 | |a lccopycat | ||
| 050 | 0 | 0 | |a B1499.K7 |b E57 2007 |
| 082 | 0 | 0 | |a 121 |2 22 |
| 100 | 1 | |a Hume, David, |d 1711-1776. |9 16219 | |
| 240 | 1 | 0 | |a Works. |k Selections. |f 2007 |
| 245 | 1 | 3 | |a An enquiry concerning human understanding and other writings / |c David Hume ; edited by Stephen Buckle. |
| 260 | |a Cambridge ; |a New York : |b Cambridge University Press, |c 2007 [5th printing 2013] | ||
| 300 | |a xli, 232 p. ; |c 24 cm. | ||
| 490 | 0 | |a Cambridge texts in the history of philosophy | |
| 504 | |a Includes bibliographical references and index. | ||
| 541 | |e 30306 | ||
| 650 | 0 | |a Knowledge, Theory of. |9 16220 | |
| 700 | 1 | |a Buckle, Stephen. |9 16221 | |
| 856 | 4 | 1 | |3 Table of contents only |u http://www.loc.gov/catdir/toc/fy0713/2007296813.html |
| 856 | 4 | 2 | |3 Contributor biographical information |u http://www.loc.gov/catdir/enhancements/fy0729/2007296813-b.html |
| 856 | 4 | 2 | |3 Publisher description |u http://www.loc.gov/catdir/enhancements/fy0729/2007296813-d.html |
| 942 | |2 ddc |c BK | ||
| 999 | |c 36161 |d 36161 | ||
| 952 | |0 0 |1 0 |2 ddc |4 0 |6 121_000000000000000_HUM |7 0 |9 56877 |a BRACUL |b BRACUL |c GEN |d 2015-11-16 |e Karim International |g 1781.00 |l 1 |o 121 HUM |p 3010030306 |r 2026-03-01 |s 2026-02-22 |t 1 |w 2015-11-16 |y BK | ||